Rapsody Discography - Statistics

General Stats
  • This quiz has been taken 2 times
  • The average score is 6 of 12
Answer Stats
Year Name Type % Correct
2016 Crown Mixtape
100%
2014 Beauty and the Beast EP
50%
2011 For Everything Mixtape
50%
2017 Laila's Wisdom Album
50%
2010 Return of the B-Girl Mixtape
50%
2013 She Got Game Mixtape
50%
2011 Thank H.E.R. Now Mixtape
50%
2012 The Black Mamba EP
50%
2012 The Idea of Beautiful Album
50%
2008 The Summer Session EP EP (Group)
50%
2010 Eastern Standard Time EP (Group)
0%
2011 Kooley High Presents...David Thompson EP (Group)
0%
No matching quizzes found
Score Distribution
Percent of People with Each Score
Percentile by Number Answered
Your Score History
You have not taken this quiz